| 000 | 00467nam a2200181Ia 4500 | ||
|---|---|---|---|
| 008 | 230125s9999 xx 000 0 und d | ||
| 020 | _a97899351502791 | ||
| 041 | _aeng | ||
| 082 |
_a158.1 _bJOS |
||
| 100 |
_aJoshi G _9106390 |
||
| 245 |
_aCampus to Corporate _bYour Roadmap to Employability |
||
| 250 | _a1st Ed. | ||
| 260 |
_c2015 _bSage publication _aNew Delhi |
||
| 300 | _a220p | ||
| 700 |
_aJoshi G _9106390 |
||
| 906 | _b72.8 | ||
| 999 |
_c96094 _d96094 |
||